000 00500 a2200193 4500
005 20260205141354.0
008 260205b |||||||| |||| 00| 0 eng d
020 _a9788197358999
_cRs. 1895.00
040 _aMAIN
082 _a327.54
_bS23F
100 _aSharma, Prachi
245 _aForeign policy in India
260 _bYking Books
_c2024
_aJaipur
300 _avi, 240
650 _aInternational Relations
650 _aForeign Policy
650 _aIndian Foreign Policy
942 _cBK
999 _c395604
_d395604